[Event "Liga Vasca de Ajedrez 2008 1D"]
[Site "Euskadi ESP"]
[Date "2008.01.12"]
[Round "1.1"]
[White "Lozoya Rodriguez, Alberto"]
[Black "Sarralde Osua, Rodrigo"]
[Result "1/2-1/2"]
[WhiteElo "2147"]
[BlackElo "2160"]
[PlyCount "77"]
[EventDate "2008.01.12"]
[EventType "team"]
[EventRounds "9"]
[EventCountry "ESP"]
[Source "lmi"]
[SourceDate "2008.01.12"]

1. e4 c5 2. Nf3 a6 3. c4 Nc6 4. d4 cxd4 5. Nxd4 d6 6. Nc3 g6 7. Be3 Bg7 8. Be2
Nf6 9. O-O O-O 10. Qd2 Bd7 11. Rac1 Qa5 12. f3 Rfc8 13. Rfd1 Ne5 14. b3 Kf8 15.
h3 Nc6 16. f4 Nxd4 17. Bxd4 Bc6 18. e5 dxe5 19. fxe5 Ne8 20. Qe3 Kg8 21. Rf1
Rab8 22. Bg4 e6 23. Qf2 Qc7 24. Nd5 Bxd5 25. cxd5 Qd7 26. dxe6 fxe6 27. Rcd1
Qe7 28. b4 Nc7 29. Bc5 Qe8 30. Bd6 Ra8 31. Qb6 Nd5 32. Rxd5 exd5 33. Qxb7 Rd8
34. Qxd5+ Kh8 35. Qb7 Bxe5 36. Bxe5+ Qxe5 37. Rf7 Qe1+ 38. Kh2 Qe5+ 39. Kg1
1/2-1/2

[Event "Liga Vasca de Ajedrez 2008 1D"]
[Site "Euskadi ESP"]
[Date "2008.01.12"]
[Round "1.2"]
[White "Sarralde Osua, Diego"]
[Black "Martin Allende, Jorge"]
[Result "1-0"]
[WhiteElo "2085"]
[BlackElo "2148"]
[PlyCount "72"]
[EventDate "2008.01.12"]
[EventType "team"]
[EventRounds "9"]
[EventCountry "ESP"]
[Source "lmi"]
[SourceDate "2008.01.12"]

1. e4 c5 2. Nf3 d6 3. d4 cxd4 4. Qxd4 Nc6 5. Bb5 Bd7 6. Bxc6 Bxc6 7. Nc3 e6 8.
Bg5 Nf6 9. O-O-O Be7 10. Rhe1 Qa5 11. Qd2 O-O 12. Kb1 Qc7 13. Nd4 a6 14. f3
Rac8 15. g4 b5 16. h4 b4 17. Nce2 Bd7 18. Rh1 Rfd8 19. Rhg1 d5 20. e5 Qxe5 21.
Bf4 Ne4 22. fxe4 Qxe4 23. Ng3 Qg6 24. h5 Qxg4 25. Ngf5 exf5 26. Rxg4 fxg4 27.
h6 g6 28. Bg5 f6 29. Re1 Re8 30. Nb3 Bc6 31. Qd4 Bf8 32. Rxe8 Rxe8 33. Qxf6
Re1+ 34. Nc1 Be8 35. Bd2 Rd1 36. Bxb4 Bxh6 1-0

[Event "Liga Vasca de Ajedrez 2008 1D"]
[Site "Euskadi ESP"]
[Date "2008.01.12"]
[Round "1.3"]
[White "Hernandez Izaguirre, Eder"]
[Black "Unzueta Romero, Jesus"]
[Result "1-0"]
[WhiteElo "2069"]
[BlackElo "2026"]
[PlyCount "113"]
[EventDate "2008.01.12"]
[EventType "team"]
[EventRounds "9"]
[EventCountry "ESP"]
[Source "lmi"]
[SourceDate "2008.01.12"]

1. e4 c6 2. d4 d5 3. exd5 cxd5 4. c4 Nf6 5. Nc3 Nc6 6. Bg5 Qa5 7. Bd2 Qd8 8.
Nf3 Bg4 9. cxd5 Nxd5 10. Bc4 e6 11. O-O Be7 12. Be3 O-O 13. h3 Bh5 14. g4 Bg6
15. Bd3 Bxd3 16. Qxd3 Rc8 17. Kg2 Ncb4 18. Qd2 Bd6 19. Rac1 Bb8 20. a3 Nc6 21.
Ne4 Qe7 22. Nc5 f5 23. gxf5 Rxf5 24. Nd3 Qf6 25. Nde5 Rf8 26. Ng4 Qe7 27. Nfe5
Nxe5 28. Nxe5 Bxe5 29. dxe5 Nxe3+ 30. Qxe3 Qg5+ 31. Qxg5 Rxg5+ 32. Kh2 Rxe5 33.
Rc7 Rb5 34. b4 g6 35. f4 Rf7 36. Rxf7 Kxf7 37. Rc1 a5 38. Rc7+ Kf6 39. Rc4 Kf5
40. Kg3 Rd5 41. a4 b5 42. axb5 Rxb5 43. bxa5 Rxa5 44. Rb4 Ra3+ 45. Kg2 Re3 46.
Rb7 Kxf4 47. Rf7+ Ke5 48. Rxh7 Kf6 49. Ra7 Rb3 50. Ra5 e5 51. Ra8 g5 52. Rf8+
Ke6 53. Rg8 Kf5 54. Rf8+ Ke4 55. Rg8 Kf4 56. Rf8+ Ke3 57. Rf3+ 1-0

[Event "Liga Vasca de Ajedrez 2008 1D"]
[Site "Euskadi ESP"]
[Date "2008.01.19"]
[Round "2.1"]
[White "Navarrete Delgado, Sergio"]
[Black "Arce Balluerca, Jorge"]
[Result "1-0"]
[WhiteElo "2222"]
[BlackElo "2112"]
[PlyCount "45"]
[EventDate "2008.01.12"]
[EventType "team"]
[EventRounds "9"]
[EventCountry "ESP"]
[Source "lmi"]
[SourceDate "2008.01.12"]

1. e4 g6 2. d4 Bg7 3. Nc3 c5 4. Be3 Qa5 5. Qd2 cxd4 6. Bxd4 Bxd4 7. Qxd4 Nf6 8.
Nf3 Nc6 9. Qd2 Qb4 10. Bd3 Qxb2 11. Rb1 Qa3 12. Nb5 Qxa2 13. O-O Kd8 14. Ra1
Qb2 15. Rfb1 Nxe4 16. Bxe4 Qf6 17. Bxc6 Qxc6 18. Ne5 Qe6 19. Qc3 f6 20. Qc7+
Ke8 21. Rxa7 Qxe5 22. Qxe5 fxe5 23. Rxa8 1-0

[Event "Liga Vasca de Ajedrez 2008 1D"]
[Site "Euskadi ESP"]
[Date "2008.01.19"]
[Round "2.2"]
[White "Mosquera Ulloa, Fernando"]
[Black "Jimenez Martin, Gustavo"]
[Result "0-1"]
[WhiteElo "2035"]
[BlackElo "2137"]
[PlyCount "24"]
[EventDate "2008.01.12"]
[EventType "team"]
[EventRounds "9"]
[EventCountry "ESP"]
[Source "lmi"]
[SourceDate "2008.01.12"]

1. e4 e5 2. Nf3 Nc6 3. Bb5 f5 4. Nc3 fxe4 5. Nxe4 d5 6. Ng3 Bg4 7. h3 Bxf3 8.
Qxf3 Nf6 9. O-O Bc5 10. Qc3 Nd7 11. Bxc6 bxc6 12. b4 Bd4 0-1

[Event "Liga Vasca de Ajedrez 2008 1D"]
[Site "Euskadi ESP"]
[Date "2008.01.19"]
[Round "2.3"]
[White "Mombiela Martinez, Gonzalo"]
[Black "Garcia Moreno, Jose A"]
[Result "1/2-1/2"]
[WhiteElo "2108"]
[BlackElo "1980"]
[PlyCount "78"]
[EventDate "2008.01.12"]
[EventType "team"]
[EventRounds "9"]
[EventCountry "ESP"]
[Source "lmi"]
[SourceDate "2008.01.12"]

1. e4 d5 2. exd5 Qxd5 3. Nc3 Qa5 4. d4 Nf6 5. Bc4 Bf5 6. Nf3 e6 7. O-O c6 8.
Bf4 Qd8 9. Re1 Bd6 10. Ne5 O-O 11. Bd3 Bxd3 12. Qxd3 Qc7 13. Re3 Nbd7 14. Rae1
Rfd8 15. Qe2 Nd5 16. Nxd5 cxd5 17. Rc3 Qb6 18. Bg5 Nf6 19. Nxf7 Bxh2+ 20. Kxh2
Kxf7 21. Re3 Re8 22. Bxf6 Kxf6 23. Qg4 Kf7 24. b3 Rac8 25. c3 Qc6 26. Rg3 g6
27. Qh3 Kg7 28. Rge3 Qc7+ 29. Kg1 Qf7 30. Rf3 Qd7 31. Qg4 Rc6 32. Qf4 Qc7 33.
Qf6+ Kg8 34. Ree3 Qg7 35. Qg5 Rf8 36. Rxf8+ Qxf8 37. Qe5 Qc8 38. g3 b5 39. Kg2
a5 1/2-1/2

[Event "Liga Vasca de Ajedrez 2008 D.H."]
[Site "Euskadi ESP"]
[Date "2008.01.13"]
[Round "1.1"]
[White "Romero Holmes, Alfonso"]
[Black "Angulo Martinez, Jon"]
[Result "1-0"]
[WhiteElo "2526"]
[BlackElo "2165"]
[PlyCount "91"]
[EventDate "2008.01.12"]
[EventType "team"]
[EventRounds "9"]
[EventCountry "ESP"]
[Source "lmi"]
[SourceDate "2008.01.12"]

1. d4 Nf6 2. c4 e6 3. g3 Bb4+ 4. Bd2 Qe7 5. Bg2 d5 6. e3 O-O 7. Ne2 c6 8. Qc2
Nbd7 9. Bxb4 Qxb4+ 10. Nd2 Qe7 11. O-O e5 12. cxd5 Nxd5 13. e4 N5f6 14. Rfe1
exd4 15. Nxd4 Qc5 16. Qxc5 Nxc5 17. Nc4 Rd8 18. Rad1 Bg4 19. f3 Be6 20. Nxe6
Nxe6 21. e5 Ne8 22. Rc1 Nc5 23. Re2 Nd3 24. Rb1 Rd4 25. Na5 Ra4 26. Nxb7 Rb8
27. f4 Rxb7 28. Bxc6 Nc5 29. Rc2 Rxa2 30. Rxc5 Rc7 31. b4 Kf8 32. Rd1 Ke7 33.
b5 g6 34. Rcd5 Ng7 35. g4 h5 36. h3 hxg4 37. hxg4 Rc2 38. Rd7+ Rxd7 39. Rxd7+
Ke6 40. Rd6+ Ke7 41. Rd7+ Ke6 42. Rd8 Ke7 43. Rg8 Rc1+ 44. Kf2 Rc2+ 45. Ke3 Rh2
46. f5 1-0

[Event "Liga Vasca de Ajedrez 2008 D.H."]
[Site "Euskadi ESP"]
[Date "2008.01.12"]
[Round "1.2"]
[White "Alberdi Sololuce, Pablo"]
[Black "Gomez Esteban, Juan Mario"]
[Result "1/2-1/2"]
[WhiteElo "2139"]
[BlackElo "2496"]
[PlyCount "177"]
[EventDate "2008.01.12"]
[EventType "team"]
[EventRounds "9"]
[EventCountry "ESP"]
[Source "lmi"]
[SourceDate "2008.01.12"]

1. d4 d5 2. Nf3 Nf6 3. c4 c6 4. cxd5 cxd5 5. Nc3 Nc6 6. Bf4 a6 7. e3 Bg4 8. Be2
e6 9. O-O Be7 10. h3 Bh5 11. Rc1 O-O 12. Ne5 Bxe2 13. Nxc6 Bxd1 14. Nxd8 Rfxd8
15. Rfxd1 Nd7 16. Rc2 Rdc8 17. Rdc1 Rc6 18. Ne2 Rac8 19. Rxc6 Rxc6 20. Bc7 f6
21. f4 Kf7 22. Kf2 f5 23. Be5 g5 24. Kf3 Rxc1 25. Nxc1 h5 26. Nd3 g4+ 27. Ke2
Ke8 28. Kd2 Nf8 29. Ke2 Ng6 30. Bb8 Kd8 31. Ba7 Kc7 32. Bc5 Bf6 33. b3 b6 34.
Ba3 Kc6 35. Bb4 a5 36. Ba3 Kb5 37. Bd6 a4 38. Ba3 Nh4 39. Kf2 Ng6 40. Ke2 Nh8
41. Kd2 axb3 42. axb3 Nf7 43. Bf8 Nd8 44. Bd6 Nc6 45. Kc3 Bh4 46. Bf8 Bg3 47.
Bd6 Bh2 48. Ba3 Bg1 49. Bc1 Ne7 50. Ne5 Bf2 51. Ba3 Ng8 52. Kd3 Nf6 53. Nf7 Kc6
54. Ne5+ Kc7 55. Be7 Ne4 56. Ke2 Bg1 57. Bh4 Nc3+ 58. Kd2 Ne4+ 59. Ke2 Kb7 60.
Be1 Kc7 61. Nf7 Bh2 62. Ne5 Kd8 63. Nc6+ Kd7 64. Ne5+ Ke8 65. Nc6 Bg3 66. Bxg3
Nxg3+ 67. Kf2 Ne4+ 68. Ke2 Kd7 69. Ne5+ Kd6 70. Nf7+ Ke7 71. Ne5 Kd6 72. Nf7+
Kd7 73. Ne5+ Kc7 74. Nf7 Nc3+ 75. Kd2 Nb5 76. Ng5 Kd7 77. Nf7 Ke7 78. Ne5 Nd6
79. Kd3 Ne4 80. Ke2 b5 81. Nd3 Kd6 82. Ne5 Kc7 83. Nf7 Nf6 84. Kd3 Kd7 85. Ne5+
Kd6 86. Nf7+ Ke7 87. Ng5 Kd7 88. Nf7 Ne4 89. Ke2 1/2-1/2

[Event "Liga Vasca de Ajedrez 2008 D.H."]
[Site "Euskadi ESP"]
[Date "2008.01.12"]
[Round "1.3"]
[White "Franco Alonso, Alejandro"]
[Black "Fernandez Hernandez, Gerardo"]
[Result "1/2-1/2"]
[WhiteElo "2445"]
[BlackElo "2153"]
[PlyCount "39"]
[EventDate "2008.01.12"]
[EventType "team"]
[EventRounds "9"]
[EventCountry "ESP"]
[Source "lmi"]
[SourceDate "2008.01.12"]

1. Nf3 d6 2. d4 Nf6 3. c4 g6 4. Nc3 Bg7 5. e4 O-O 6. Be2 Bg4 7. Be3 Nfd7 8. Ng1
Bxe2 9. Ngxe2 c5 10. O-O Nc6 11. d5 Nb4 12. f4 Na6 13. Qd3 Nc7 14. a3 a6 15.
Rab1 b5 16. cxb5 axb5 17. Nxb5 Nxb5 18. Qxb5 Rb8 19. Qd3 Bxb2 20. Bd2 1/2-1/2

[Event "Liga Vasca de Ajedrez 2008 D.H."]
[Site "Euskadi ESP"]
[Date "2008.01.12"]
[Round "1.4"]
[White "De Andres Oterino, Carlos"]
[Black "Varas, Carlos"]
[Result "0-1"]
[WhiteElo "1896"]
[BlackElo "2255"]
[PlyCount "156"]
[EventDate "2008.01.12"]
[EventType "team"]
[EventRounds "9"]
[EventCountry "ESP"]
[Source "lmi"]
[SourceDate "2008.01.12"]

1. Nf3 e6 2. c4 Nf6 3. Nc3 b6 4. g3 Bb7 5. Bg2 Be7 6. O-O O-O 7. Re1 c5 8. e4
d6 9. d4 cxd4 10. Nxd4 Qc8 11. Bg5 a6 12. Rc1 Nbd7 13. b4 Re8 14. Qb3 h6 15.
Bd2 Bf8 16. h3 Qc7 17. Na4 Rac8 18. Nb2 Qb8 19. Qd3 Red8 20. Qe2 Qa8 21. Nb3 d5
22. cxd5 exd5 23. e5 Ne4 24. f4 Nxg3 25. Qg4 Ne4 26. Bxe4 dxe4 27. e6 Nf6 28.
exf7+ Kxf7 29. Qe2 Kg8 30. Nc4 Nd7 31. Be3 Bxb4 32. Red1 b5 33. Nb6 Nxb6 34.
Bxb6 Rxc1 35. Rxc1 Rd3 36. Be3 Qd8 37. Nc5 Bxc5 38. Rxc5 Qd6 39. Rc2 Qa3 40.
Kf2 Qe7 41. Rd2 Qh4+ 42. Kg2 Bd5 43. Qf2 Qh5 44. Qe2 Qf3+ 45. Qxf3 exf3+ 46.
Kf2 Rxd2+ 47. Bxd2 Bxa2 48. Kxf3 Be6 49. h4 Kf7 50. Ke4 g6 51. Ke5 Ke7 52. Bb4+
Kf7 53. Bd2 h5 54. Bb4 Bf5 55. Kd6 Bd3 56. Ke5 Bc4 57. f5 gxf5 58. Kxf5 Ke8 59.
Kg5 Be2 60. Kf6 Kd7 61. Ke5 Kc6 62. Kd4 Kb6 63. Bc5+ Ka5 64. Kc3 Ka4 65. Bd6 a5
66. Kb2 b4 67. Be7 Kb5 68. Bg5 Kc4 69. Bd2 a4 70. Ka2 Bg4 71. Be1 Be6 72. Kb2
a3+ 73. Ka2 Bd5 74. Bg3 Kc3+ 75. Kb1 Be4+ 76. Ka1 b3 77. Be5+ Kc2 78. Bc3 b2+
0-1

[Event "Liga Vasca de Ajedrez 2008 D.H."]
[Site "Euskadi ESP"]
[Date "2008.01.19"]
[Round "2.1"]
[White "Alonso Arburu, Juan Ignacio"]
[Black "Conquest, Stuart C"]
[Result "0-1"]
[WhiteElo "2368"]
[BlackElo "2539"]
[PlyCount "142"]
[EventDate "2008.01.12"]
[EventType "team"]
[EventRounds "9"]
[EventCountry "ESP"]
[Source "lmi"]
[SourceDate "2008.01.12"]

1. c4 e5 2. Nc3 Bb4 3. g3 Bxc3 4. dxc3 d6 5. Bg2 Ne7 6. Nf3 Nbc6 7. O-O O-O 8.
e4 Be6 9. Qe2 h6 10. h3 a5 11. b3 Qd7 12. Kh2 Rae8 13. Be3 f5 14. Rad1 Qc8 15.
Bc1 fxe4 16. Nd2 Ng6 17. Nxe4 Nce7 18. Rd2 Rd8 19. Ba3 b6 20. Rfd1 Nf5 21. Qh5
Nge7 22. Qe2 Kh8 23. Bc1 Bg8 24. Rf1 Rde8 25. Rfd1 Bh7 26. Bb2 Qe6 27. Re1 Qf7
28. Qd1 a4 29. Qe2 Bg8 30. Rdd1 Ra8 31. Nd2 Rab8 32. bxa4 Qe8 33. a5 bxa5 34.
Bc1 Qa4 35. a3 Qc2 36. c5 Qa4 37. cxd6 cxd6 38. Ne4 d5 39. Nc5 Qc6 40. Nd3 e4
41. Ne5 Qe6 42. f4 Rb3 43. Qc2 a4 44. Bb2 Rc8 45. Qd2 Qb6 46. Ba1 Ng6 47. c4
Nxe5 48. fxe5 Rxc4 49. g4 Nh4 50. g5 e3 51. Qe2 d4 52. Be4 Qc5 53. Qg4 Qxe5+
54. Kg1 Qxg5 55. Rxd4 Rxa3 56. Kh1 e2 57. Bb2 Rxd4 58. Bxd4 Qxg4 59. hxg4 Bc4
60. Rc1 Nf3 61. Bf2 Nd2 62. Bc6 Kg8 63. Kg2 Kf7 64. Be1 Nf1 65. Kf2 Bd3 66. Bb4
Rb3 67. Bd5+ Kg6 68. Bxb3 axb3 69. Rc6+ Kg5 70. Bc3 Nh2 71. Ke3 b2 0-1

[Event "Liga Vasca de Ajedrez 2008 D.H."]
[Site "Euskadi ESP"]
[Date "2008.01.19"]
[Round "2.2"]
[White "Romero Holmes, Alfonso"]
[Black "Cruz-Lopez Claret, Carlos"]
[Result "1/2-1/2"]
[WhiteElo "2526"]
[BlackElo "2329"]
[PlyCount "55"]
[EventDate "2008.01.12"]
[EventType "team"]
[EventRounds "9"]
[EventCountry "ESP"]
[Source "lmi"]
[SourceDate "2008.01.12"]

1. e4 e5 2. Nf3 Nc6 3. Nc3 Nf6 4. a3 Be7 5. d4 exd4 6. Nxd4 O-O 7. Nde2 Re8 8.
f3 Bc5 9. Nf4 d6 10. Bc4 a6 11. Ba2 Nd4 12. Nfe2 Ne6 13. h4 c6 14. Qd3 d5 15.
Bg5 dxe4 16. Qxd8 Nxd8 17. Bxf6 exf3 18. gxf3 gxf6 19. Ne4 Be7 20. O-O-O Be6
21. Kb1 Bxa2+ 22. Kxa2 Ne6 23. N2g3 Rad8 24. Nf5 Kf8 25. c4 c5 26. Ne3 Nd4 27.
Nd5 f5 28. Nec3 1/2-1/2

[Event "Liga Vasca de Ajedrez 2008 D.H."]
[Site "Euskadi ESP"]
[Date "2008.01.19"]
[Round "2.3"]
[White "Serras Uria, Antonio"]
[Black "Gomez Esteban, Juan Mario"]
[Result "0-1"]
[WhiteElo "2198"]
[BlackElo "2496"]
[PlyCount "92"]
[EventDate "2008.01.12"]
[EventType "team"]
[EventRounds "9"]
[EventCountry "ESP"]
[Source "lmi"]
[SourceDate "2008.01.12"]

1. e4 c5 2. Nf3 d6 3. d4 cxd4 4. Nxd4 Nf6 5. Nc3 a6 6. f4 Nbd7 7. Bd3 g6 8. Nf3
Bg7 9. O-O O-O 10. Kh1 e6 11. Qe1 b5 12. e5 Ne8 13. Bd2 Bb7 14. Be4 Qc7 15.
Bxb7 Qxb7 16. Rd1 Rc8 17. a3 Rc6 18. Rf2 Nb6 19. Bc1 Nc4 20. Re2 d5 21. Nb1 Nb6
22. Nd4 Rc8 23. Rd3 Qe7 24. Bd2 Nd7 25. Nb3 Rxc2 26. Bb4 Rxe2 27. Qxe2 Qd8 28.
Bxf8 Bxf8 29. Nc3 Nb6 30. Nd4 Nc4 31. Nd1 Qb6 32. Qg4 Bc5 33. Nf3 Be7 34. Ng5
Ng7 35. Qe2 Nf5 36. Nf3 h5 37. Qc2 Kg7 38. Qc3 a5 39. Qc2 a4 40. Nd2 Nd4 41.
Nxc4 bxc4 42. Rxd4 Qxd4 43. Qc1 Bc5 44. Nc3 Qf2 45. Nxa4 Be3 46. Qd1 Bxf4 0-1

[Event "Liga Vasca de Ajedrez 2008 D.H."]
[Site "Euskadi ESP"]
[Date "2008.01.19"]
[Round "2.4"]
[White "Franco Alonso, Alejandro"]
[Black "Alonso Arburu, Jose Maria"]
[Result "1/2-1/2"]
[WhiteElo "2445"]
[BlackElo "2122"]
[PlyCount "126"]
[EventDate "2008.01.12"]
[EventType "team"]
[EventRounds "9"]
[EventCountry "ESP"]
[Source "lmi"]
[SourceDate "2008.01.12"]

1. d4 d5 2. c4 c6 3. Nc3 e6 4. e3 Nf6 5. Nf3 Bd6 6. Bd3 O-O 7. O-O Nbd7 8. e4
dxc4 9. Bxc4 e5 10. Bg5 exd4 11. Qxd4 Bc5 12. Qd3 Qe7 13. Bb3 Ne5 14. Nxe5 Qxe5
15. Bh4 Be6 16. Bxe6 Qxe6 17. Rad1 b5 18. e5 Qxe5 19. Rfe1 Qf4 20. Bg3 Qg4 21.
Be5 Qg6 22. Bxf6 Qxf6 23. Ne4 Qf5 24. Qc3 Bb6 25. Qxc6 Rad8 26. Qc2 Rxd1 27.
Qxd1 Rd8 28. Qe2 h6 29. g3 Qd5 30. Nc3 Qd3 31. Nxb5 Bxf2+ 32. Kxf2 Qf5+ 33. Kg2
Qd5+ 34. Kg1 Qf5 35. Kg2 Qd5+ 36. Kg1 Qc5+ 37. Kf1 Qf5+ 38. Kg2 Qd5+ 39. Kh3
Qf5+ 40. g4 Rd3+ 41. Kg2 Qxb5 42. Qe8+ Qxe8 43. Rxe8+ Kh7 44. Re7 Rd2+ 45. Kg3
a5 46. Ra7 Rxb2 47. Rxa5 Rb1 48. Rf5 Ra1 49. Rf2 f6 50. Kf4 Kg6 51. Rg2 h5 52.
gxh5+ Kxh5 53. Kg3 g5 54. Rf2 Kg6 55. Rb2 Kh5 56. Rf2 Kg6 57. h4 f5 58. hxg5
Kxg5 59. Kf3 Rc1 60. Ke3 Rc3+ 61. Ke2 Rc2+ 62. Kf3 Rxf2+ 63. Kxf2 Kf6 1/2-1/2

[Event "Liga Vasca de Ajedrez 2008 D.H."]
[Site "Euskadi ESP"]
[Date "2008.01.26"]
[Round "3.1"]
[White "Galzagorri Uli, Yerai"]
[Black "Alonso Arburu, Juan Ignacio"]
[Result "1/2-1/2"]
[WhiteElo "2200"]
[BlackElo "2368"]
[PlyCount "71"]
[EventDate "2008.01.12"]
[EventType "team"]
[EventRounds "9"]
[EventCountry "ESP"]
[Source "lmi"]
[SourceDate "2008.01.12"]

1. Nf3 Nf6 2. g3 g6 3. Bg2 Bg7 4. d4 O-O 5. O-O d6 6. a4 Nc6 7. a5 a6 8. Nc3 e5
9. d5 Ne7 10. e4 Bd7 11. Nd2 Nh5 12. Nc4 Qc8 13. Bf3 Bh3 14. Re1 f5 15. exf5
Nxf5 16. Be3 Nf6 17. Ne4 Nxe4 18. Bxe4 Qd7 19. Qd3 Rf7 20. f3 Raf8 21. Ra3 Nxe3
22. Nxe3 Bh6 23. Nd1 Qe7 24. Nf2 Bc8 25. c4 Qg5 26. b4 Bg7 27. Kg2 Bf6 28. c5
Be7 29. c6 b5 30. h4 Qf6 31. Rh1 Qg7 32. g4 h5 33. g5 Rf4 34. Qe2 Kh7 35. Nd3
R4f7 36. Raa1 1/2-1/2

[Event "Liga Vasca de Ajedrez 2008 D.H."]
[Site "Euskadi ESP"]
[Date "2008.01.26"]
[Round "3.3"]
[White "Prieto Aranguren, Alain"]
[Black "Serras Uria, Antonio"]
[Result "1-0"]
[WhiteElo "2161"]
[BlackElo "2198"]
[PlyCount "83"]
[EventDate "2008.01.12"]
[EventType "team"]
[EventRounds "9"]
[EventCountry "ESP"]
[Source "lmi"]
[SourceDate "2008.01.12"]

1. d4 Nf6 2. c4 c5 3. e3 g6 4. Nf3 Bg7 5. Nc3 O-O 6. Be2 d5 7. O-O dxc4 8. Bxc4
Nbd7 9. h3 a6 10. a4 Qc7 11. Ba2 cxd4 12. exd4 Nb6 13. Ne5 e6 14. Bf4 Qe7 15.
Qf3 h6 16. a5 Nbd5 17. Nxd5 Nxd5 18. Rac1 Qd8 19. Bd2 Nf6 20. Bb4 Re8 21. Rfd1
Bd7 22. d5 exd5 23. Nxf7 Kxf7 24. Bxd5+ Be6 25. Bxe6+ Rxe6 26. Rxd8 Rxd8 27.
Rc7+ Kg8 28. Bc3 Bh8 29. Qxb7 Red6 30. Qb3+ Nd5 31. Bxh8 Kxh8 32. Ra7 Nf6 33.
Qf7 Rg8 34. Qe7 Rc6 35. Qe3 g5 36. Qd3 g4 37. Qe3 Rg6 38. hxg4 Rxg4 39. Qxh6+
Kg8 40. Qd2 Re4 41. Qg5+ Kf8 42. Qg7+ 1-0

[Event "Liga Vasca de Ajedrez 2008 D.H."]
[Site "Euskadi ESP"]
[Date "2008.01.26"]
[Round "3.4"]
[White "Alonso Arburu, Jose Maria"]
[Black "Garitaonaindia Aretillo, Iker"]
[Result "1-0"]
[WhiteElo "2122"]
[BlackElo "1919"]
[PlyCount "73"]
[EventDate "2008.01.12"]
[EventType "team"]
[EventRounds "9"]
[EventCountry "ESP"]
[Source "lmi"]
[SourceDate "2008.01.12"]

1. c4 e5 2. Nc3 Nc6 3. Nf3 g6 4. g3 Bg7 5. Bg2 f5 6. d3 Nf6 7. O-O O-O 8. Nd5
d6 9. Bg5 Be6 10. Nd2 h6 11. Nxf6+ Bxf6 12. Bxh6 Rf7 13. Be3 g5 14. Nb3 f4 15.
Bd2 Qd7 16. e3 Bh3 17. Bd5 Bxf1 18. Qxf1 Ne7 19. Bxf7+ Kxf7 20. Qg2 Rh8 21. d4
Qf5 22. e4 Qh7 23. d5 Ng6 24. f3 fxg3 25. hxg3 Qh5 26. Kf2 g4 27. Rf1 Ke7 28.
Ke2 Qh3 29. Rf2 gxf3+ 30. Qxf3 Rf8 31. Qf5 Qxg3 32. Qe6+ Kd8 33. Rxf6 Nf4+ 34.
Bxf4 Qg2+ 35. Kd3 Qf3+ 36. Kd2 Rh8 37. Rf8+ 1-0

[Event "Liga Vasca de Ajedrez 2008 D.H."]
[Site "Euskadi ESP"]
[Date "2008.02.02"]
[Round "4.1"]
[White "Miguel Quintero, Francisco"]
[Black "Angulo Martinez, Jon"]
[Result "1/2-1/2"]
[WhiteElo "2282"]
[BlackElo "2165"]
[PlyCount "63"]
[EventDate "2008.01.12"]
[EventType "team"]
[EventRounds "9"]
[EventCountry "ESP"]
[Source "lmi"]
[SourceDate "2008.01.12"]

1. e4 e5 2. Nf3 Nc6 3. Nc3 Nf6 4. d4 exd4 5. Nxd4 Bb4 6. Nxc6 bxc6 7. Bd3 d5 8.
exd5 cxd5 9. O-O O-O 10. Bg5 c6 11. Qf3 h6 12. Bxf6 Qxf6 13. Qxf6 gxf6 14. Ne2
Rb8 15. b3 Be6 16. c3 Ba5 17. Rac1 c5 18. Nf4 Rb6 19. c4 d4 20. Rc2 Ra6 21. Re2
Bc7 22. Nd5 Bxd5 23. cxd5 Rd6 24. Re7 Bb6 25. Bc4 Rfd8 26. Rd1 Kf8 27. Rd3 Re8
28. Rxe8+ Kxe8 29. Kf1 Ba5 30. Ke2 Rd8 31. Kf3 Kf8 32. Rd1 1/2-1/2

[Event "Liga Vasca de Ajedrez 2008 D.H."]
[Site "Euskadi ESP"]
[Date "2008.02.02"]
[Round "4.2"]
[White "Alberdi Sololuce, Pablo"]
[Black "Miguel Quintero, Andoni"]
[Result "1/2-1/2"]
[WhiteElo "2139"]
[BlackElo "2187"]
[PlyCount "24"]
[EventDate "2008.01.12"]
[EventType "team"]
[EventRounds "9"]
[EventCountry "ESP"]
[Source "lmi"]
[SourceDate "2008.01.12"]

1. d4 Nf6 2. Bg5 d5 3. Bxf6 exf6 4. e3 Bf5 5. Bd3 Qd7 6. Ne2 Bd6 7. Nbc3 c6 8.
Ng3 Bxd3 9. Qxd3 Na6 10. Qf5 Bxg3 11. Qxd7+ Kxd7 12. hxg3 h6 1/2-1/2

[Event "Liga Vasca de Ajedrez 2008 D.H."]
[Site "Euskadi ESP"]
[Date "2008.02.02"]
[Round "4.3"]
[White "Alcalde Luque, Aitor"]
[Black "Fernandez Hernandez, Gerardo"]
[Result "1/2-1/2"]
[WhiteElo "2159"]
[BlackElo "2153"]
[PlyCount "91"]
[EventDate "2008.01.12"]
[EventType "team"]
[EventRounds "9"]
[EventCountry "ESP"]
[Source "lmi"]
[SourceDate "2008.01.12"]

1. d4 Nf6 2. Bg5 e6 3. e3 h6 4. Bxf6 Qxf6 5. f4 d6 6. Nf3 Nd7 7. Bd3 g6 8. O-O
Bg7 9. Nbd2 O-O 10. c3 Qe7 11. e4 e5 12. fxe5 dxe5 13. Qb3 exd4 14. cxd4 c5 15.
d5 Ne5 16. Nxe5 Qxe5 17. Rab1 Bg4 18. Nf3 Bxf3 19. Rxf3 Rab8 20. a4 a6 21. d6
b5 22. axb5 axb5 23. Qd5 c4 24. Bc2 Qxd5 25. exd5 Rbd8 26. b3 Rxd6 27. bxc4
bxc4 28. Rf4 c3 29. Rb5 Ra8 30. Ra4 Rxa4 31. Bxa4 Bd4+ 32. Kf1 Kg7 33. Ke2 Rb6
34. Kd3 Rxb5 35. Bxb5 Kf6 36. d6 Be5 37. d7 Ke7 38. h3 f5 39. Ba4 g5 40. Kc4 h5
41. Kd5 Bb8 42. Kd4 f4 43. Kxc3 g4 44. hxg4 hxg4 45. Bd1 f3 46. Bxf3 1/2-1/2

[Event "Liga Vasca de Ajedrez 2008 D.H."]
[Site "Euskadi ESP"]
[Date "2008.02.09"]
[Round "5.1"]
[White "Martin Echeandia, Ibon"]
[Black "Iruzubieta Villaluenga, Jesus"]
[Result "0-1"]
[WhiteElo "2223"]
[BlackElo "2413"]
[PlyCount "118"]
[EventDate "2008.01.12"]
[EventType "team"]
[EventRounds "9"]
[EventCountry "ESP"]
[Source "lmi"]
[SourceDate "2008.01.12"]

1. d4 d5 2. Nc3 Nf6 3. Bg5 Nbd7 4. f3 h6 5. Bh4 c5 6. dxc5 e6 7. b4 g5 8. Bg3
Nh5 9. e4 Nxg3 10. hxg3 Bg7 11. Nb5 O-O 12. Rb1 Ne5 13. f4 Ng6 14. Qf3 Bd7 15.
e5 f6 16. Qd3 Bxb5 17. Qxb5 fxe5 18. Qxb7 exf4 19. Bd3 Ne5 20. gxf4 Nxd3+ 21.
cxd3 Qf6 22. Ne2 gxf4 23. Rf1 Qg5 24. d4 Rae8 25. Rb3 Re7 26. Qc6 Rf5 27. Rbf3
e5 28. Qxd5+ Kh7 29. dxe5 Rfxe5 30. Qd3+ Kg8 31. R1f2 Qh4 32. Qd8+ Bf8 33. Kd1
Qg4 34. Rd3 Qh5 35. Rg3+ fxg3 36. Rxf8+ Kg7 37. Rg8+ Kf6 38. Rf8+ Kg6 39. Rg8+
Kf5 40. Rf8+ Kg5 41. Rg8+ Kf5 42. Rf8+ Kg6 43. Rg8+ Rg7 44. Qd3+ Qf5 45. Qxg3+
Qg5 46. Rxg7+ Kxg7 47. Qxg5+ Rxg5 48. g3 Kf7 49. Kd2 Ke6 50. Kc3 Ke5 51. a4 a5
52. Nf4 Ke4 53. Ne6 Rxg3+ 54. Kc4 Ke5 55. Nd8 Rg4+ 56. Kb5 Rxb4+ 57. Kxa5 Rf4
58. Kb5 Kd5 59. a5 Rf8 0-1

[Event "Liga Vasca de Ajedrez 2008 D.H."]
[Site "Euskadi ESP"]
[Date "2008.02.09"]
[Round "5.2"]
[White "Ruiz Gomez, Alejandro"]
[Black "Prieto Aranguren, Alain"]
[Result "1-0"]
[WhiteElo "2365"]
[BlackElo "2161"]
[PlyCount "71"]
[EventDate "2008.01.12"]
[EventType "team"]
[EventRounds "9"]
[EventCountry "ESP"]
[Source "lmi"]
[SourceDate "2008.01.12"]

1. Nf3 Nf6 2. g3 g6 3. Bg2 Bg7 4. O-O O-O 5. d4 d6 6. a4 Nc6 7. a5 a6 8. d5 Ne5
9. Nxe5 dxe5 10. c4 Nh5 11. Nc3 f5 12. c5 h6 13. e4 f4 14. Ra3 Qe8 15. g4 f3
16. Bxf3 Nf4 17. Ne2 Qb5 18. Nxf4 exf4 19. Qc2 Bd4 20. e5 Kg7 21. Ra4 Bxe5 22.
Re1 Bf6 23. Bxf4 Qd7 24. c6 bxc6 25. dxc6 Qd8 26. Rd1 Qe8 27. Bxc7 Bh4 28. Qc3+
Kh7 29. Bg3 Bf6 30. Qe3 Bg5 31. Qe2 Qf7 32. Bd5 e6 33. Bg2 Ra7 34. h4 Be7 35.
Rf4 Qe8 36. Qe3 1-0